Normal view MARC view
  • Cross-cultural counseling.

Entry Topical Term

Number of records used in: 5

001 - CONTROL NUMBER

  • control field: 4466

003 - CONTROL NUMBER IDENTIFIER

  • control field: NUST

005 - DATE AND TIME OF LATEST TRANSACTION

  • control field: 20170829125843.0

008 - FIXED-LENGTH DATA ELEMENTS

  • fixed length control field: 170829|| aca||aabn | a|a d

040 ## - CATALOGING SOURCE

  • Original cataloging agency: NUST
  • Transcribing agency: NUST

150 ## - HEADING--TOPICAL TERM

  • Topical term or geographic name entry element: Cross-cultural counseling.

670 ## - SOURCE DATA FOUND

  • Source citation: Work cat.: (NUST)0: Fawcett, Mary L. 4465, Experiential approach for developing multicultural counseling competence /, c2013.
© 2023 Central Library, National University of Sciences and Technology. All Rights Reserved.